Statistics for Hardest Quiz On Jetpunk

Click here to take the quiz!

General Stats

  • This quiz has been taken 398 times
    (221 since last reset)
  • The average score is 5 of 20

Answer Stats

QuestionAnswer% Correct
"Jetpunk" begins withE) J
88%
The answer to question 16 isA) D
32%
The answer to question 10 isD) A
29%
The answer to this question is the same as the answer to questionE) 5
29%
The number of questions with the answer A isB) 5
27%
The answer to question 17 isD) none of the above
26%
The number of questions whose answers are vowels isE) 8
25%
The number of questions whose answer is a consonant isA) an even number
24%
The answer to question 12 isA) A
22%
The first question whose answer is B is questionD) 4
22%
The number of questions with the answer E isD) 3
21%
The only odd-numbered problem with answer A isD) 15
20%
The answer to question 6 isB) D
20%
The only two consecutive questions with identical answers are questionsA) 6 and 7
19%
The number of questions with answer D isB) 7
19%
The number of questions preceding this one with the answer B isB) 1
18%
The next question with the same answer as this one is questionD) 13
17%
Alphabetically, the answer to this question and the answer to the following question areD) 1 apart
17%
The number of questions with answer A equals the number of questions with answerA) B
16%
The answer to this question is:B) B
13%

Score Distribution

Percentile by Number Answered

Percent of People with Each Score

Your Score History

You have not taken this quiz since the last reset